Lengua literaria y lengua popular en América

Збережено в:
Бібліографічні деталі
Автор: Rosenblat, Angel (Автор)
Формат: Книга
Мова:Іспанська
Опубліковано: Caracas Universidad Central de Venezuela 1969
Серія:Cuadernos del Instituto de Filología Andrés Bello
Предмети:
Теги: Додати тег
Немає тегів, Будьте першим, хто поставить тег для цього запису!

MARC

LEADER 00000nam a2200000 a 4500
001 UCY2200
003 CL-VaPUC
008 941017e19690000VE |||||||||||||||||spa|d
082 0 4 |a H860.9  |b ROS  |2 21 
100 0 |a Rosenblat, Angel  |e author  |9 330252 
245 1 0 |a Lengua literaria y lengua popular en América 
300 |a 128 p 
942 |c BK 
945 |d 19941017 00:00:00  |a rbrito 
260 |a Caracas  |b Universidad Central de Venezuela  |c 1969 
650 0 |a Literatura hispanoamericana  |9 269097 
650 0 |a Historia y crítica   |9 257407 
583 |a last modification  |c 19941017 00:00:00  |k Rodrigo Vera 
490 0 |a Cuadernos del Instituto de Filología Andrés Bello 
999 |c 230674  |d 230672 
952 |0 0  |1 0  |4 0  |6 H_860_900000000000000_ROS_1969  |7 0  |8 A  |9 233135  |a BIBEDU  |b BIBEDU  |d 2019-11-15  |i 3018466  |o H860.9 ROS 1969  |p 3018466  |r 2019-11-15  |w 2019-11-15  |y BK  |k LIT 
952 |0 0  |1 0  |4 0  |6 H_860_900000000000000_ROS_1969  |7 0  |8 A  |9 233136  |a BIBEDU  |b BIBEDU  |d 2019-11-15  |i 1414887  |o H860.9 ROS 1969  |p 1414887  |r 2019-11-15  |w 2019-11-15  |y BK  |k LIT